Famous People Named Davis or Davies - Statistics

General Stats
  • This quiz has been taken 204 times
    41 since last reset
  • The average score is 7 of 13
Answer Stats
Life Hint Person % Correct
1908-1989 All About Eve actress famous for her eyes Bette Davis
88%
1956– Actress in Beetlejuice and Thelma & Louise Geena Davis
80%
1925-1990 Rat Pack member who sang "The Candyman" and "Mr. Bojangles" Sammy Davis, Jr.
80%
1808-1889 President of the Confederate States from 1861 to 1865 Jefferson Davis
75%
1926-1991 Jazz trumpeter known as the Prince of Darkness Miles Davis
73%
1945- Creator of the Garfield comic strip Jim Davis
68%
1944- / 1947- Either of the two brothers who formed the backbone of the Kinks Ray and Dave Davies
55%
1970- Lead actor from Willow and Leprechaun, who also was an Ewok Warwick Davis
48%
1944- Portrayed Gimli in Lord of the Rings and Sallah in Indiana Jones John Rhys-Davies
35%
1929-2011 Was coach, owner, and manager of the NFL's Oakland Raiders Al Davis
33%
1942- California governor who was replaced by Arnold Schwarzenegger Gray Davis
25%
1971- Lead vocalist and frontman of nu metal band Korn Jonathan Davis
25%
1897-1961 Jazz Age actress, the mistress of William Randolph Hearst Marion Davies
18%
No matching quizzes found
Score Distribution
Percent of People with Each Score
Percentile by Number Answered
Your Score History
You have not taken this quiz since the last reset